书目信息 |
| 题名: |
色谱质谱联用技术
|
|
| 作者: | 苏焕华 , 郭丹萍 , 盛龙生 编著 | |
| 分册: | ||
| 出版信息: | 北京 化学工业出版社 2006.02 |
|
| 页数: | 239页 | |
| 开本: | 24cm | |
| 丛书名: | 质谱技术丛书 | |
| 单 册: | ||
| 中图分类: | O657.63 | |
| 科图分类: | ||
| 主题词: | 色谱--se pu--质谱 | |
| 电子资源: | ||
| ISBN: | 7-5025-7929-X | |
| 000 | 01101nam 2200265 450 | |
| 001 | 012006587750 | |
| 005 | 20060922153901.42 | |
| 010 | @a7-5025-7929-X@dCNY32.00 | |
| 100 | @a20060626d2006 km y0chiy0120 ea | |
| 101 | 0 | @achi |
| 102 | @aCN@b110000 | |
| 105 | @aa z 000yy | |
| 200 | 1 | @a色谱质谱联用技术@Ase pu zhi pu lian yong ji shu@f盛龙生, 苏焕华, 郭丹萍编著@Fsheng long sheng,su huan hua,guo dan ping bian zhu |
| 210 | @a北京@c化学工业出版社@d2006.02 | |
| 215 | @a239页@c图@d24cm | |
| 225 | 2 | @a质谱技术丛书@Azhi pu ji shu cong shu |
| 330 | @a本书分“气相色谱-质谱联用技术”和“液相色谱-质谱联用技术”两章。第一章重点讨论了气相色谱-质谱的基本原理,各种色谱和质谱仪器及操作要点,数据采集与处理,谱库检索和典型应用示例;第二章重点讨论ESI原理和与LC及MS的接口技术,及有关方法、技术及最新发展的实例介绍。 | |
| 410 | 0 | @12001 @a质谱技术丛书 |
| 606 | 0 | @a色谱@Ase pu@x质谱 |
| 690 | @aO657.63@v4 | |
| 701 | 0 | @a苏焕华@Asu huan hua@4编著 |
| 701 | 0 | @a郭丹萍@Aguo dan ping@4编著 |
| 701 | 0 | @a盛龙生@Asheng long sheng@4编著 |
| 801 | 0 | @aCN@bQSSK@c20060922 |
| 905 | @a10447@dO657.63@eS474 | |
| 色谱质谱联用技术/盛龙生, 苏焕华, 郭丹萍编著.-北京:化学工业出版社,2006.02 |
| 239页:图;24cm.-(质谱技术丛书) |
| ISBN 7-5025-7929-X:CNY32.00 |
| 本书分“气相色谱-质谱联用技术”和“液相色谱-质谱联用技术”两章。第一章重点讨论了气相色谱-质谱的基本原理,各种色谱和质谱仪器及操作要点,数据采集与处理,谱库检索和典型应用示例;第二章重点讨论ESI原理和与LC及MS的接口技术,及有关方法、技术及最新发展的实例介绍。 |
| ● |
| 相关链接 |
|
|
|
正题名:色谱质谱联用技术
索取号:O657.63/S474
 
预约/预借
| 序号 | 登录号 | 条形码 | 馆藏地/架位号 | 状态 | 备注 |
| 1 | 592018 | 205920182 | 自科库401/401自科库 66排1列3层/ [索取号:O657.63/S474] | 在馆 | |
| 2 | 592019 | 205920191 | 自科库401/401自科库 66排1列3层/ [索取号:O657.63/S474] | 在馆 | |
| 3 | 592020 | 205920208 | 自科库401/401自科库 66排1列3层/ [索取号:O657.63/S474] | 在馆 |